La investigación en la Universidad Latinoamericana

Analiza cual ha sido la importancia de la investigación para el desarrollo de las universidades latinoamericanas - Destaca el interés que tiene la labor de investigación dentro de las universidades de América Latina, en la medida en que el desarrollo de las sociedades subdesarrolladas esta en parte...

Popoln opis

Shranjeno v:
Bibliografske podrobnosti
Glavni avtor: Tünnermann Bernheim, Carlos
Format: Texto
Izdano: San José: CSUCA
Oznake: Označite
Brez oznak, prvi označite!

MARC

LEADER 00000 a a2200000 04500
001 20710
003
040
090 |a 088000  
100 |a Tünnermann Bernheim, Carlos  
245 |a La investigación en la Universidad Latinoamericana  
260 |a San José:   |b CSUCA  
300 |a 30 p.  
520 |a Analiza cual ha sido la importancia de la investigación para el desarrollo de las universidades latinoamericanas - Destaca el interés que tiene la labor de investigación dentro de las universidades de América Latina, en la medida en que el desarrollo de las sociedades subdesarrolladas esta en parte condicionado por este elemento. Plantea como las universidades pueden promover el desarrollo de la investigación, no solo a nivel universitario sino también a nivel general, estableciendo una coordinación entre los organismos estatales y las universidades  
999 |c 3194  |d 3194